Classification and Segmentation in Remotely Sensed Imagery / (Record no. 540969)

000 -LEADER
fixed length control field 00465nam a22001577a 4500
003 - CONTROL NUMBER IDENTIFIER
control field NUST
038 ## - RECORD CONTENT LICENSOR
Staff Name saima
082 ## - DEWEY DECIMAL CLASSIFICATION NUMBER
Classification number 621.3
100 ## - MAIN ENTRY--PERSONAL NAME
Personal name Khurshid, Hasnat
9 (RLIN) 35269
245 ## - TITLE STATEMENT
Title Classification and Segmentation in Remotely Sensed Imagery /
260 ## - PUBLICATION, DISTRIBUTION, ETC.
Place of publication, distribution, etc. Islamabad :
Name of publisher, distributor, etc. MCS - NUST,
Date of publication, distribution, etc. 2016
300 ## - PHYSICAL DESCRIPTION
Extent 101 p. ;
Dimensions 30cm.
650 ## - SUBJECT ADDED ENTRY--TOPICAL TERM
Topical term or geographic name entry element Electrical Engineering-Classification and Segmentation
9 (RLIN) 35270
700 ## - ADDED ENTRY--PERSONAL NAME
Personal name Dr. Muhammad Faisal Khan
9 (RLIN) 35148
942 ## - ADDED ENTRY ELEMENTS (KOHA)
Source of classification or shelving scheme
Koha item type Thesis
Holdings
Withdrawn status Lost status Source of classification or shelving scheme Damaged status Not for loan Permanent Location Current Location Date acquired Total Checkouts Full call number Barcode Date last seen Price effective from Koha item type
          Central Library (CL) Central Library (CL) 11/13/2020   621.3 CL-T-1111 11/13/2020 11/13/2020 Thesis
© 2023 Central Library, National University of Sciences and Technology. All Rights Reserved.